| 000 | 01209nam0a2200301 4500 | ||
|---|---|---|---|
| 001 | RU\NLR\bibl\1834785 | ||
| 005 | 20250616165917.0 | ||
| 010 |
_a978-5-17-030130-0 _bАСТ |
||
| 010 |
_a978-5-271-38086-0 _dАстрель _92000 |
||
| 021 |
_aRU _b2011-83590 _95951 |
||
| 035 | _a(NLR Aleph) 001825271 | ||
| 090 |
_a2062091 _c2062091 |
||
| 100 | _a20111116d2011 |||y0rusy50 ca | ||
| 101 | 1 |
_arus _ceng |
|
| 102 | _aRU | ||
| 105 | _ay ||||||||| | ||
| 200 | 1 |
_aВосторг любви _e[сборник _fпер. с англ. В.А. Сухановой] |
|
| 210 |
_aМосква _cАСТ _cАстрель _d2011 |
||
| 215 |
_a380, [1] с. _d17 |
||
| 300 | _aНа обл. авт.: Б. Смолл, С. Джонсон, Н. Донован, Л. Мэдисон | ||
| 327 | 1 | _aСодерж.: Пробуждение / Бертрис Смолл. Застигнутые грозой / Сьюзен Джонсон. Очарованный / Никки Донован. Обещание рыцаря / Лиз Мэдисон | |
| 686 | _aШ6(7США)67-440.4я43{Лх1979-50сб} | ||
| 801 | 0 |
_aRU _bNLR _c20111116 _gRCR |
|
| 801 | 1 |
_aRU _bNLR _c20111116 |
|
| 942 | _cBOOK | ||
| 980 | _aNB | ||
| 980 | _aNBR | ||